US States - Sudden Death - Statistics

General Stats
  • This quiz has been taken 158 times
  • The average score is 11 of 12
Answers on the Grid
Answers color-coded by a green-red scale on the quiz's grid according to % correct below.
Ontario
Michigan
Montana
Colorado
Arizona
Chicago
Victoria
Louisiana
Boston
New Amsterdam
Zealand
Manhattan
Alabama
Hawaii
Nashville
Kansas
Ohio
Albany
Alberta
Huron
North Carolina
New Mexico
Nevada
Memphis
 
Answer Stats
Answer % Correct
Arizona
98%
Colorado
98%
Louisiana
95%
Michigan
95%
Montana
93%
Kansas
90%
Ohio
90%
Alabama
88%
Nevada
88%
New Mexico
88%
North Carolina
88%
Hawaii
85%
No matching quizzes found
Score Distribution
Percent of People with Each Score
Percentile by Number Answered
Your Score History
You have not taken this quiz